| Tag |
First Indicator |
Second Indicator |
Subfields |
| LEADER |
00000cas a2200000Ia 4500 |
| 001 |
in00002490613 |
| 005 |
20151110043127.0 |
| 006 |
m d |
| 007 |
cr cnu|||||||| |
| 008 |
080925c19989999bl tr pss 0 0por c |
| 022 |
|
|
|a 1807-8621
|y 1679-9275
|
| 035 |
|
|
|a (OCoLC)ocn256999023
|
| 035 |
|
|
|a (OCoLC)256999023
|
| 040 |
|
|
|a YAM
|c YAM
|d YAM
|d TXA
|d UtOrBLW
|
| 043 |
|
|
|a s-bl---
|
| 049 |
|
|
|a TXAM
|
| 090 |
|
|
|a S15
|b .A24 Electronic
|
| 130 |
0 |
|
|a Acta scientiarum (Online).
|p Agronomy.
|
| 245 |
1 |
0 |
|a Acta scientiarum.
|p Agronomy.
|
| 246 |
3 |
0 |
|a Agronomy
|
| 264 |
|
1 |
|a Maringá :
|b Universidade Estadual de Maringá, Pró-Reitoria de Pesquisa e Pós-Graduação,
|c 1998-
|
| 310 |
|
|
|a 3 nos. per year,
|b 2008-
|
| 321 |
|
|
|a Five nos. per year,
|b 2007
|
| 321 |
|
|
|a 4 nos. per year,
|b 2004-2006
|
| 321 |
|
|
|a 2 nos. per year,
|b 2003
|
| 321 |
|
|
|a 1 no. per year,
|b 1998-2002
|
| 336 |
|
|
|a text
|b txt
|2 rdacontent
|
| 337 |
|
|
|a computer
|b c
|2 rdamedia
|
| 338 |
|
|
|a online resource
|b cr
|2 rdacarrier
|
| 362 |
0 |
|
|a V. 20 (1998)-
|
| 546 |
|
|
|a In English and Portuguese.
|
| 500 |
|
|
|a Title from title screen as viewed on Sept. 25, 2008.
|
| 538 |
|
|
|a Mode of access; World Wide Web.
|
| 530 |
|
|
|a Also available in print.
|
| 500 |
|
|
|a Electronic resource.
|
| 650 |
|
0 |
|a Agronomy
|v Periodicals.
|
| 650 |
|
0 |
|a Aronomy
|z Brazil
|v Periodicals.
|
| 710 |
2 |
|
|a Universidade Estadual de Maringá.
|b Pró-Reitoria de Pesquisa e Pós-Graduação.
|
| 776 |
1 |
|
|t Acta scientiarum. Agronomy
|x 1679-9275
|
| 780 |
0 |
1 |
|t Acta scientiarum
|w (DLC)sn 98037315
|w (OCoLC)40347309
|
| 936 |
|
|
|a PR 162383179
|
| 948 |
|
|
|a cataloged
|b h
|c 2009/1/26
|d c
|e spoltoratski
|
| 994 |
|
|
|a C0
|b TXA
|
| 999 |
|
|
|a MARS
|
| 999 |
f |
f |
|s e6c15e3e-ab54-38ec-a68a-2aebf68687d4
|i 0754ff2e-f843-3ddf-88fa-a4d52a113315
|t 0
|
| 952 |
f |
f |
|a Texas A&M University
|b College Station
|c Electronic Resources
|d Available Online
|t 0
|e S15 .A24
|g Electronic
|h Library of Congress classification
|
| 998 |
f |
f |
|a S15 .A24
|t 0
|l Available Online
|